000 00872nac a22002537a 4500
001 BR7905488
003 BR-BrBNA
005 20240105114459.0
008 230509b bl.|||m| |||| 00| 0 por d
040 _aBR-BrBNA
_bpor
_cBiblioteca Nacional de Agricultura
072 _aA00; E70
090 _aA00 BR7905488
110 1 _aFundacao do Desenvolvimento Administrativo, Sao Paulo, SP (Brasil)
_94877
245 1 _aEstudos da administracao publica paulista 1971-1978. Agricultura e abastecimento [Brasil]
260 3 _aSao Paulo, SP (Brasil):
_c1979.
300 _a201 p.
490 _aSerie Documentos - Fundacao do Desenvolvimento Administrativo (Brazil)
_vno. 2
_x
650 _aAgricultura
650 _aComercializacao
650 _aDesenvolvimento agricola
650 _aSao Paulo
909 _a202312
_bLúcia Elande
_c55
_dLúcia Elande
942 _2AGRIS
_n0
_cMS
999 _c269598
_d269598